| 000 | 00593cam a22002291 4500 | ||
|---|---|---|---|
| 001 | sa 67001099 | ||
| 003 | DLC | ||
| 005 | 20260227112319.0 | ||
| 008 | 890728s1963 ii 000 0 gujo | ||
| 010 | _asa 67001099 | ||
| 035 | _a(OCoLC)20085658 | ||
| 040 |
_aDLC _cWaU _dDLC |
||
| 042 | _apremarc | ||
| 050 | 0 | 0 |
_aPK1859.A35 _bA6 1963 |
| 100 | 0 |
_aAkhā, _dactive 17th century. |
|
| 245 | 1 | 0 | _aAkhānā chappā. |
| 260 | _c[1963] | ||
| 300 |
_a4, 40, 159 p. _c19 cm. |
||
| 500 | _aIn Gujarati. | ||
| 700 | 1 |
_aMehtā, Kuñjvihārī Cū., _d1923- |
|
| 700 | 1 |
_aŚukla, Rameśa Ma., _d1929- |
|
| 999 |
_c72379 _d72379 |
||